000 00854nam a2200217Ii 4500
003 JO-AjNU
008 230605s9999||||xx |||||||||||||| ||und||
017 _a2008/12/4319
040 _aJO-AjNU
_bara
_erda
_cJO-AjNU
041 _aara
050 1 4 _aKMM97.5.2009
100 3 _a عبد ربة، وائل محمد ,
_eauthor
_950014
245 0 0 _aالتشريعات والقوانين والأنظمة المالية في المملكة الأردنية الهاشمية
250 _aط1
264 3 1 _aعمان : وائل محمد عبد ربة ، 2009
300 _a492ص
336 _atext
_btxt
_2rdacontent
337 _aunmediated
_bn
_2rdamedia
338 _avolume
_bnc
_2rdacarrier
650 4 _aالتشريعات الإقتصادية -- الإدارة المالية -- القوانين واللوائح -- تاريخ الأردن
_950015
999 _aA22004
_c25572
_d25572